000 00250nam a2200121Ia 4500
008 190216s9999||||xx |||||||||||||| ||und||
100 _aLilian E Hawker
245 0 _aFungi
260 _bHutchinson
300 _a215p
650 _aBotany
942 _cBK
999 _c1166
_d1166